[Event "Outaouais op (TORO) U1900"]
[Site "Gatineau CAN"]
[Date "2014.06.??"]
[Round "2"]
[White "Jobin, Gilles G"]
[Black "Lemieux, Serge"]
[Result "1-0"]
[WhiteElo "1703"]
[BlackElo "1556"]
[PlyCount "99"]
[EventDate "2014.06.06"]
[EventType "swiss"]
[EventRounds "5"]
[EventCountry "CAN"]

1. d4 e6 2. Nf3 Nf6 3. e3 d5 4. Bd3 Nbd7 5. Nbd2 b6 6. O-O Bb7 7. Ne5 Bd6 8. f4
O-O 9. Qf3 c5 10. c3 Re8 11. g4 Nf8 12. g5 Ne4 13. Nxe4 dxe4 14. Bxe4 Bxe4 15.
Qxe4 Bxe5 16. dxe5 Ng6 17. Qf3 Qe7 18. Bd2 Rad8 19. Rad1 Rd3 20. c4 Red8 21.
Qe2 Nxe5 22. fxe5 Qxg5+ 23. Kf2 Qh4+ 24. Kg2 Qxc4 25. Bc3 Qe4+ 26. Kg1 Rxd1 27.
Rxd1 Rxd1+ 28. Qxd1 Qxe3+ 29. Kg2 Qe4+ 30. Kg3 Qd5 31. Qa4 g6 32. Qe8+ Kg7 33.
Qe7 Qd3+ 34. Kg2 Qe4+ 35. Kg3 Qf5 36. Qxa7 g5 37. Qxb6 g4 38. Qc6 h5 39. Kg2
Qc2+ 40. Kg1 Qd1+ 41. Kf2 Qc2+ 42. Kg3 Qd3+ 43. Kf2 c4 44. a4 h4 45. Qg2 Qc2+
46. Kg1 Qc1+ 47. Qf1 Qe3+ 48. Qf2 Qe4 49. Qf6+ Kg8 50. Qg5+ 1-0

[Event "Outaouais op (TORO) U1900"]
[Site "Gatineau CAN"]
[Date "2014.06.??"]
[Round "2"]
[White "Ju, Terrence"]
[Black "Kearnan, Daniel"]
[Result "1/2-1/2"]
[WhiteElo "1524"]
[BlackElo "1730"]
[PlyCount "83"]
[EventDate "2014.06.06"]
[EventType "swiss"]
[EventRounds "5"]
[EventCountry "CAN"]

1. d4 g6 2. Nf3 Bg7 3. c4 d6 4. Nc3 e5 5. dxe5 dxe5 6. Qxd8+ Kxd8 7. e4 c6 8.
Be3 f6 9. b4 Be6 10. b5 Bh6 11. bxc6 Nxc6 12. Rd1+ Ke7 13. Bc5+ Kf7 14. Be2
Nge7 15. O-O b6 16. Ba3 Bg4 17. Nd5 Bxf3 18. Bxf3 Bf8 19. Rd3 Nd4 20. Rc1 Nec6
21. Bxf8 Rhxf8 22. Bg4 f5 23. exf5 gxf5 24. Bh5+ Kg7 25. Rg3+ Kh8 26. f4 e4 27.
Rcc3 Rg8 28. Rh3 Rg7 29. Nf6 Rf8 30. Nd5 Rfg8 31. Ne3 Ne6 32. g3 Nxf4 33. Rh4
Nxh5 34. Rxh5 f4 35. Nf1 Nd4 36. Kf2 e3+ 37. Ke1 e2 38. Nd2 Rf8 39. Rd5 fxg3
40. hxg3 Nf5 41. Rf3 Rgf7 42. Kxe2 1/2-1/2

[Event "Outaouais op (TORO) U1900"]
[Site "Gatineau CAN"]
[Date "2014.06.??"]
[Round "2"]
[White "Lavergne, Daniel"]
[Black "Ju, Lawrence"]
[Result "0-1"]
[WhiteElo "1747"]
[BlackElo "1600"]
[PlyCount "82"]
[EventDate "2014.06.06"]
[EventType "swiss"]
[EventRounds "5"]
[EventCountry "CAN"]

1. e4 c5 2. Nf3 Nc6 3. d4 cxd4 4. Nxd4 Nf6 5. Nc3 g6 6. Bf4 Bg7 7. Nxc6 bxc6 8.
Be2 O-O 9. e5 Ne8 10. O-O f6 11. Bc4+ Kh8 12. Qe2 fxe5 13. Bxe5 Nf6 14. h4 d6
15. Bxf6 Rxf6 16. Ne4 Rf8 17. Ng5 d5 18. Bd3 e5 19. Rad1 Qe7 20. Nxh7 Rf4 21.
g3 Rg4 22. Ng5 e4 23. f3 Rxg3+ 24. Kh2 Rxg5 25. hxg5 Qd6+ 26. f4 exd3 27. Qe8+
Bf8 28. Rxd3 Bb7 29. Qf7 Bc8 30. Rff3 Bg4 31. Rh3+ Bh5 32. Rxh5+ gxh5 33. Rh3
Bh6 34. gxh6 Rg8 35. h7 Rf8 36. Qxh5 Qxf4+ 37. Rg3 Qf2+ 38. Kh3 Qf1+ 39. Kh4
Rf4+ 40. Rg4 Qf2+ 41. Kh3 Rf3+ 0-1

[Event "Outaouais op (TORO) U1900"]
[Site "Gatineau CAN"]
[Date "2014.06.??"]
[Round "2"]
[White "Piche, Guy"]
[Black "Poirier, Martin"]
[Result "1/2-1/2"]
[WhiteElo "1652"]
[BlackElo "1540"]
[PlyCount "112"]
[EventDate "2014.06.06"]
[EventType "swiss"]
[EventRounds "5"]
[EventCountry "CAN"]

1. f4 e6 2. Nf3 Nf6 3. b3 d5 4. e3 b6 5. Bb2 Ba6 6. Bxa6 Nxa6 7. Qe2 Nc5 8. Ne5
Ncd7 9. Qb5 a6 10. Qc6 Bd6 11. Nxd7 Nxd7 12. Bxg7 Rg8 13. Bf6 Be7 14. Bxe7 Kxe7
15. g3 Qc8 16. Qc3 Qb7 17. d4 c5 18. Nd2 Rac8 19. O-O-O a5 20. Qd3 b5 21. c4
bxc4 22. bxc4 cxd4 23. Qxd4 Nb6 24. c5 Nd7 25. Nb3 Qb5 26. Qd3 Qb4 27. Qd2 Qc4+
28. Qc2 Qxc2+ 29. Kxc2 Nxc5 30. Kb2 Rb8 31. Ka3 Nxb3 32. axb3 Rb4 33. Rd4 Rgb8
34. Rxb4 Rxb4 35. Rc1 Re4 36. Rc7+ Kf6 37. Rc3 h5 38. h3 Kg6 39. Rd3 f6 40. Kb2
a4 41. Ka3 axb3 42. Kxb3 e5 43. Kc3 Rc4+ 44. Kb3 Rc5 45. fxe5 fxe5 46. Kb4 Rc4+
47. Kb3 Re4 48. Kc3 Rc4+ 49. Kd2 d4 50. exd4 exd4 51. Rf3 Rc8 52. Rf4 Rc3 53.
h4 Rxg3 54. Rxd4 Rg4 55. Ke3 Rxd4 56. Kxd4 Kf5 1/2-1/2

[Event "Outaouais op (TORO) U1900"]
[Site "Gatineau CAN"]
[Date "2014.06.??"]
[Round "2"]
[White "Raymond, Daniel"]
[Black "Van Dusen, Eric"]
[Result "1-0"]
[WhiteElo "1621"]
[BlackElo "1790"]
[PlyCount "65"]
[EventDate "2014.06.06"]
[EventType "swiss"]
[EventRounds "5"]
[EventCountry "CAN"]

1. e4 e6 2. d4 d5 3. Nd2 Be7 4. e5 c5 5. c3 Nc6 6. Ne2 Nh6 7. Nf3 Nf5 8. Ng3
Nxg3 9. hxg3 Bd7 10. Bd3 h6 11. Be3 cxd4 12. cxd4 Qb6 13. O-O Nb4 14. Bb1 Bb5
15. Re1 Qa6 16. a3 Nd3 17. Bxd3 Bxd3 18. Qd2 O-O 19. Rac1 Rfc8 20. Rc3 Bb5 21.
Rec1 Bd7 22. Rc7 Rd8 23. Nh2 Bf8 24. Qd1 Qb6 25. b4 Bc6 26. R7xc6 bxc6 27. Ng4
Qb7 28. Bxh6 f5 29. exf6 gxh6 30. Ne5 Qh7 31. Qg4+ Kh8 32. Qxe6 Qe4 33. Qf7 1-0

[Event "Outaouais op (TORO) U1900"]
[Site "Gatineau CAN"]
[Date "2014.06.??"]
[Round "2"]
[White "Roth, Gerhard"]
[Black "Rodriguez, Jose Manuel"]
[Result "0-1"]
[WhiteElo "1738"]
[BlackElo "1652"]
[PlyCount "99"]
[EventDate "2014.06.06"]
[EventType "swiss"]
[EventRounds "5"]
[EventCountry "CAN"]

1. e4 c5 2. d4 cxd4 3. c3 d6 4. Bc4 Nc6 5. cxd4 Nf6 6. Nc3 g6 7. Qb3 e6 8. Nf3
a6 9. Bd3 Na5 10. Qc2 Nd7 11. Bg5 Be7 12. Bh6 Bf8 13. Bxf8 Kxf8 14. O-O Kg7 15.
e5 d5 16. b3 Nc6 17. Qd2 f5 18. Rac1 Qe7 19. Na4 h6 20. Nc5 Nxc5 21. Rxc5 Bd7
22. Rfc1 Rhc8 23. a4 Qd8 24. b4 Ne7 25. Qc2 Kg8 26. Rc7 Bc6 27. Rxc8 Rxc8 28.
Qb3 Bd7 29. Rxc8 Qxc8 30. Bc2 Qd8 31. h3 b5 32. axb5 Bxb5 33. Ne1 Nc6 34. Qb2
Qe7 35. Nd3 Bxd3 36. Bxd3 Qxb4 37. Qc2 Nxd4 38. Qc8+ Kf7 39. Qd7+ Qe7 40. Qxe7+
Kxe7 41. Bxa6 g5 42. Kf1 Nc6 43. g3 Nxe5 44. f4 gxf4 45. gxf4 Ng6 46. Kf2 Nxf4
47. Kg3 Ng6 48. h4 Kf6 49. h5 Ne7 50. Be2 0-1

[Event "Outaouais op (TORO) U1900"]
[Site "Gatineau CAN"]
[Date "2014.06.??"]
[Round "2"]
[White "Tak Mok, Yuen"]
[Black "Poirier, Alexis"]
[Result "1-0"]
[WhiteElo "1776"]
[BlackElo "1577"]
[PlyCount "34"]
[EventDate "2014.06.06"]
[EventType "swiss"]
[EventRounds "5"]
[EventCountry "CAN"]

1. e4 c5 2. c3 Nf6 3. e5 Nd5 4. d4 e6 5. Nf3 Nc6 6. Bd3 Qb6 7. Be4 Nc7 8. O-O
d5 9. exd6 Bxd6 10. Na3 Nb5 11. Nc4 Qd8 12. dxc5 Bxc5 13. Bxc6+ bxc6 14. Qxd8+
Kxd8 15. Nce5 Nd6 16. b4 Bb6 17. Rd1 f6 1-0

[Event "Outaouais op (TORO) U1900"]
[Site "Gatineau CAN"]
[Date "2014.06.??"]
[Round "2"]
[White "Tremblay, Mario"]
[Black "Gunapalan, David"]
[Result "0-1"]
[WhiteElo "1676"]
[BlackElo "1858"]
[PlyCount "48"]
[EventDate "2014.06.06"]
[EventType "swiss"]
[EventRounds "5"]
[EventCountry "CAN"]

1. e4 e5 2. f4 d5 3. exd5 exf4 4. Nf3 Nf6 5. Bb5+ c6 6. dxc6 bxc6 7. Bc4 Be7 8.
O-O O-O 9. d4 c5 10. Bxf4 cxd4 11. Qxd4 Qa5 12. Kh1 Nc6 13. Qd3 Bf5 14. Qc3 Bb4
15. Qb3 Ne4 16. Nbd2 Bxd2 17. Bxd2 Nxd2 18. Nxd2 Qxd2 19. Rxf5 Nd4 20. Qh3 Nxf5
21. Qxf5 Rae8 22. Rf1 Re1 23. Bd3 Rxf1+ 24. Qxf1 Re8 0-1

[Event "Outaouais op (TORO) U1900"]
[Site "Gatineau CAN"]
[Date "2014.06.??"]
[Round "2"]
[White "Vlasenko, Konstantin"]
[Black "Villeneuve, Luc"]
[Result "0-1"]
[WhiteElo "1609"]
[BlackElo "1753"]
[PlyCount "38"]
[EventDate "2014.06.06"]
[EventType "swiss"]
[EventRounds "5"]
[EventCountry "CAN"]

1. d4 g6 2. e4 Bg7 3. Bc4 d6 4. Ne2 Nf6 5. Nbc3 O-O 6. Bf4 Nc6 7. Qd2 Nxe4 8.
Nxe4 d5 9. Bxc7 Qd7 10. Nc5 Qxc7 11. Bxd5 Nxd4 12. Nxd4 Qxc5 13. Nb3 Qc7 14.
O-O-O Bf5 15. Qe2 Rac8 16. Be4 Qe5 17. Rd4 Qf4+ 18. Kb1 Bxd4 19. g3 Qxe4 0-1

[Event "Outaouais op (TORO) U1900"]
[Site "Gatineau CAN"]
[Date "2014.06.??"]
[Round "3"]
[White "Bilodeau, Victor"]
[Black "Tak Mok, Yuen"]
[Result "0-1"]
[WhiteElo "1609"]
[BlackElo "1776"]
[PlyCount "102"]
[EventDate "2014.06.06"]
[EventType "swiss"]
[EventRounds "5"]
[EventCountry "CAN"]

1. e4 e5 2. Nf3 Nf6 3. Bc4 Nxe4 4. d3 Nf6 5. Nxe5 d5 6. Bb3 Bd6 7. d4 O-O 8.
O-O Nbd7 9. f4 c6 10. Nd2 Ne8 11. Ndf3 f6 12. Ng4 Nb6 13. Nf2 Qc7 14. g3 g6 15.
c3 Ng7 16. Nd2 Nf5 17. Nde4 Be7 18. Re1 Kh8 19. Nc5 Ng7 20. Bc2 Re8 21. b3 Nd7
22. Ne6 Nxe6 23. Rxe6 Nf8 24. Re3 Bd7 25. Qf3 Bd6 26. f5 Rxe3 27. Bxe3 g5 28.
Ng4 Be7 29. Re1 Be8 30. Bd2 Bh5 31. Bd1 Re8 32. Qd3 Bd8 33. Ne3 Bxd1 34. Rxd1
Qd6 35. c4 dxc4 36. Qxc4 Bb6 37. Nc2 Qd7 38. g4 Rd8 39. Bc3 Qd6 40. h3 Qg3+ 41.
Kf1 Qxh3+ 42. Kf2 Qh2+ 43. Kf3 Qf4+ 44. Ke2 Re8+ 45. Kd3 Qxg4 46. Kd2 Qf4+ 47.
Kd3 Qxf5+ 48. Kd2 Qf4+ 49. Kd3 Bc7 50. Qf7 Qf5+ 51. Kc4 Qb5# 0-1

[Event "Outaouais op (TORO) U1900"]
[Site "Gatineau CAN"]
[Date "2014.06.??"]
[Round "3"]
[White "Guentchev, Radoslav"]
[Black "Labelle, Raymond"]
[Result "1-0"]
[WhiteElo "1674"]
[BlackElo "1387"]
[PlyCount "92"]
[EventDate "2014.06.06"]
[EventType "swiss"]
[EventRounds "5"]
[EventCountry "CAN"]

1. d4 Nf6 2. Nf3 e6 3. Bg5 Be7 4. Bxf6 Bxf6 5. e4 c5 6. c3 cxd4 7. cxd4 Nc6 8.
e5 Be7 9. Nc3 Qb6 10. Qd2 f6 11. exf6 Bxf6 12. Rd1 d5 13. Be2 O-O 14. O-O Qd8
15. Rfe1 Bd7 16. Bb5 Re8 17. Bxc6 Bxc6 18. Ne5 Bd7 19. f4 b5 20. a3 a5 21. Na2
Be7 22. Nc1 b4 23. Qe3 Ba4 24. b3 Bd7 25. Nxd7 Qxd7 26. Qxe6+ Qxe6 27. Rxe6
Rac8 28. Rde1 Kf7 29. Nd3 Bh4 30. Rxe8 Rxe8 31. Rxe8 Kxe8 32. g3 Bf6 33. Ne5
Bd8 34. Kf2 Bb6 35. Ke3 Ke7 36. f5 Bc7 37. g4 Kf6 38. Nf3 h6 39. h4 Bd6 40. h5
Bc7 41. Ne1 Kg5 42. Kf3 Bf4 43. Nd3 Bd2 44. Nc5 Kf6 45. Nb7 Ke7 46. Nxa5 Kd7 {
Impossible de reconstituer le reste de la partie. Les Noirs abandonnÃ..rent
quelques coups plus tard.} 1-0

[Event "Outaouais op (TORO) U1900"]
[Site "Gatineau CAN"]
[Date "2014.06.??"]
[Round "3"]
[White "Gunapalan, David"]
[Black "Jobin, Gilles G"]
[Result "1-0"]
[WhiteElo "1858"]
[BlackElo "1703"]
[PlyCount "125"]
[EventDate "2014.06.06"]
[EventType "swiss"]
[EventRounds "5"]
[EventCountry "CAN"]

1. e4 c5 2. Nc3 Nc6 3. Bc4 d6 4. f4 e6 5. Nf3 a6 6. a4 Nge7 7. d3 Nd4 8. Nxd4
cxd4 9. Ne2 d5 10. Bb3 Nc6 11. exd5 exd5 12. O-O Bg4 13. Qe1 Bxe2 14. Qxe2+ Be7
15. Qf3 Nb4 16. Bd2 Qd6 17. Bxb4 Qxb4 18. Qxd5 O-O 19. Rf3 Bf6 20. Qh5 Rae8 21.
Raf1 Re3 22. Qd5 Qe7 23. h3 Rd8 24. Qc4 Re6 25. a5 Re3 26. Qa4 g6 27. Bc4 Re8
28. Bd5 Rxf3 29. Rxf3 Qe1+ 30. Kh2 Rd8 31. Bxb7 Bh4 32. g3 Qe2+ 33. Kg1 Qe1+
34. Kg2 Bf6 35. Qc6 Re8 36. Rf2 Re6 37. Qc8+ Re8 38. Qc6 Re6 39. Qf3 Qxa5 40.
Be4 Rb6 41. f5 g5 42. b3 Be5 43. Bd5 Rf6 44. Qe4 Qc7 45. Re2 Bxg3 46. Qxd4 Kg7
47. Qg4 Bf4 48. h4 h6 49. hxg5 hxg5 50. c4 Rh6 51. Kf3 Qc5 52. Re4 Rh2 53. d4
Qa5 54. f6+ Kh6 55. Rxf4 Qc3+ 56. Ke4 Qc2+ 57. Ke5 gxf4 58. Qg7+ Kh5 59. Bxf7+
Kh4 60. Be6 Qe2+ 61. Kd6 Qh5 62. f7 Qa5 63. Qg4# 1-0

[Event "Outaouais op (TORO) U1900"]
[Site "Gatineau CAN"]
[Date "2014.06.??"]
[Round "3"]
[White "Kearnan, Daniel"]
[Black "Danilov, Alex"]
[Result "1-0"]
[WhiteElo "1730"]
[BlackElo "1843"]
[PlyCount "75"]
[EventDate "2014.06.06"]
[EventType "swiss"]
[EventRounds "5"]
[EventCountry "CAN"]

1. d4 Nf6 2. c4 e6 3. Nc3 Bb4 4. Qc2 O-O 5. a3 Bxc3+ 6. Qxc3 b5 7. cxb5 c6 8.
g3 Nd5 9. Qc2 cxb5 10. e4 Nc7 11. Bf4 Nc6 12. Ne2 e5 13. dxe5 Ne6 14. Nc3 a6
15. Nd5 Bb7 16. Bg2 Rc8 17. Qd1 Ncd4 18. Rc1 Rxc1 19. Bxc1 Nc6 20. f4 Ne7 21.
Qg4 Bxd5 22. exd5 Nc5 23. O-O d6 24. f5 dxe5 25. Bh6 Ng6 26. fxg6 gxh6 27.
gxf7+ Kh8 28. Qf5 Qg5 29. Qxg5 hxg5 30. b4 Nb7 31. Bh3 Nd6 32. Be6 Kg7 33. Kg2
Nxf7 34. Bxf7 Rxf7 35. Rxf7+ Kxf7 36. Kf3 Ke7 37. Ke4 Kd6 38. g4 1-0

[Event "Outaouais op (TORO) U1900"]
[Site "Gatineau CAN"]
[Date "2014.06.??"]
[Round "3"]
[White "Legault, Stephane"]
[Black "Lecorre, Joel"]
[Result "0-1"]
[WhiteElo "1520"]
[BlackElo "1694"]
[PlyCount "100"]
[EventDate "2014.06.06"]
[EventType "swiss"]
[EventRounds "5"]
[EventCountry "CAN"]

1. e4 e5 2. f4 d5 3. exd5 exf4 4. Nc3 Nf6 5. Bc4 Bg4 6. Nf3 c6 7. d4 Nxd5 8.
Nxd5 cxd5 9. Bb5+ Nc6 10. O-O Be7 11. Bxf4 O-O 12. Qd2 Qb6 13. Bxc6 bxc6 14. c3
f6 15. Rae1 Rfe8 16. h3 Bd7 17. Bg3 Rad8 18. Qf4 Bc8 19. Ng5 c5 20. Nf3 cxd4
21. cxd4 Qxb2 22. Rf2 Qb4 23. Rfe2 Bd7 24. Re3 Bf8 25. Qc7 Rxe3 26. Rxe3 Qb6
27. Qxb6 axb6 28. Bc7 Ra8 29. Bxb6 Rxa2 30. Bc5 Rc2 31. Bxf8 Kxf8 32. Ra3 Ke7
33. Ne1 Rc4 34. Rd3 Bf5 35. Rd2 Be4 36. Kf2 h5 37. g3 g5 38. Ke3 Rc3+ 39. Nd3
f5 40. h4 f4+ 41. gxf4 gxf4+ 42. Ke2 f3+ 43. Ke3 f2 44. Rxf2 Rxd3+ 45. Kf4 Rxd4
46. Ke5 Rd3 47. Rf6 Rh3 48. Rf4 Rf3 49. Rxe4 dxe4 50. Kxe4 Rf1 0-1

[Event "Outaouais op (TORO) U1900"]
[Site "Gatineau CAN"]
[Date "2014.06.??"]
[Round "3"]
[White "Lemieux, Serge"]
[Black "Tremblay, Mario"]
[Result "1-0"]
[WhiteElo "1556"]
[BlackElo "1676"]
[PlyCount "43"]
[EventDate "2014.06.06"]
[EventType "swiss"]
[EventRounds "5"]
[EventCountry "CAN"]

1. d4 d5 2. e3 c5 3. c3 Nc6 4. Bd3 Nf6 5. Nd2 Bg4 6. f3 Bh5 7. dxc5 e5 8. b4 e4
9. Be2 Ne5 10. Qa4+ Nfd7 11. Bb2 exf3 12. Ndxf3 Ng4 13. O-O-O Bxc5 14. bxc5 O-O
15. Rxd5 Qe7 16. Qd4 Ndf6 17. Rxh5 Rad8 18. Qa4 Nxh5 19. Qxg4 Qxe3+ 20. Kb1 Nf4
21. Nd4 Nd5 22. Qxg7+ 1-0

[Event "Outaouais op (TORO) U1900"]
[Site "Gatineau CAN"]
[Date "2014.06.??"]
[Round "3"]
[White "Lord, Daniel"]
[Black "Gendron, Roger"]
[Result "1-0"]
[WhiteElo "1646"]
[BlackElo "1531"]
[PlyCount "63"]
[EventDate "2014.06.06"]
[EventType "swiss"]
[EventRounds "5"]
[EventCountry "CAN"]

1. d4 d5 2. c4 e6 3. Nf3 Nc6 4. cxd5 exd5 5. g3 Nf6 6. Bg2 Bb4+ 7. Bd2 Bxd2+ 8.
Nbxd2 O-O 9. e3 Bf5 10. O-O Nb4 11. Qb3 a5 12. a3 Nd3 13. Ne5 a4 14. Qxb7 Rb8
15. Qc6 Rxb2 16. Nxd3 Bxd3 17. Qc3 Bxf1 18. Qxb2 Bxg2 19. Kxg2 Nd7 20. Rc1 Nb6
21. Rc6 Qb8 22. Nf3 f6 23. Qc2 Rc8 24. Nh4 Qb7 25. Nf5 Kf7 26. Qc5 Kg6 27. Ne7+
Kh6 28. Nf5+ Kg6 29. Nxg7 Nc4 30. Ne6 Qb2 31. Nf4+ Kg5 32. Qxd5+ 1-0

[Event "Outaouais op (TORO) U1900"]
[Site "Gatineau CAN"]
[Date "2014.06.??"]
[Round "3"]
[White "Mathieu, Guillaume"]
[Black "Fei, David"]
[Result "1-0"]
[WhiteElo "1747"]
[BlackElo "1899"]
[PlyCount "101"]
[EventDate "2014.06.06"]
[EventType "swiss"]
[EventRounds "5"]
[EventCountry "CAN"]

1. c4 e5 2. Nc3 Nc6 3. e4 Nf6 4. g3 Bb4 5. Bg2 d6 6. Nge2 Bg4 7. O-O O-O 8. a3
Bc5 9. b4 Bb6 10. Qc2 a5 11. Rb1 axb4 12. axb4 Qd7 13. d3 h6 14. Be3 Nd4 15.
Bxd4 exd4 16. Nd5 Nxd5 17. exd5 Rfe8 18. Rfe1 Qa4 19. Qxa4 Rxa4 20. Bf1 Ra2 21.
Ra1 Rea8 22. Rac1 Rb2 23. c5 dxc5 24. bxc5 Ba5 25. Ra1 Bxe1 26. Rxa8+ Kh7 27.
d6 cxd6 28. cxd6 Bb4 29. h3 Bd7 30. Rd8 Bc6 31. Nxd4 Bc5 32. Nxc6 bxc6 33. d7
Bxf2+ 34. Kh1 Bb6 35. Rb8 Ra2 36. Rxb6 Ra8 37. Rxc6 Rd8 38. Rc7 Kg6 39. d4 Kf6
40. Bb5 Ke7 41. Rc8 f5 42. d5 Rxd7 43. Bxd7 Kxd7 44. Rc6 h5 45. h4 Ke7 46. Re6+
Kf7 47. Re1 g5 48. d6 gxh4 49. d7 hxg3 50. d8=Q f4 51. Qd6 1-0

[Event "Outaouais op (TORO) U1900"]
[Site "Gatineau CAN"]
[Date "2014.06.??"]
[Round "3"]
[White "Poirier, Alexis"]
[Black "Mathieu, Jeremie"]
[Result "0-1"]
[WhiteElo "1577"]
[BlackElo "1584"]
[PlyCount "57"]
[EventDate "2014.06.06"]
[EventType "swiss"]
[EventRounds "5"]
[EventCountry "CAN"]

1. e4 e5 2. Nf3 Nc6 3. Bb5 a6 4. Ba4 Nf6 5. O-O b5 6. Bb3 Bc5 7. c3 Bb6 8. d3
d6 9. h3 h6 10. Re1 Be6 11. Nbd2 Na5 12. Bxe6 fxe6 13. d4 exd4 14. cxd4 O-O 15.
Qe2 Qd7 16. b4 Nc6 17. Qe3 a5 18. bxa5 Bxa5 19. Qb3 Rab8 20. Bb2 Kh8 21. Rac1
d5 22. Bc3 b4 23. Ba1 Bb6 24. Qa4 Nxd4 25. Qxd7 Nxf3+ 26. Nxf3 Nxd7 27. exd5
exd5 28. Re7 Nf6 29. Ne5 0-1

[Event "Outaouais op (TORO) U1900"]
[Site "Gatineau CAN"]
[Date "2014.06.??"]
[Round "3"]
[White "Poirier, Martin"]
[Black "Roth, Gerhard"]
[Result "0-1"]
[WhiteElo "1540"]
[BlackElo "1738"]
[PlyCount "54"]
[EventDate "2014.06.06"]
[EventType "swiss"]
[EventRounds "5"]
[EventCountry "CAN"]

1. d4 Nf6 2. c4 g6 3. Nc3 d5 4. cxd5 Nxd5 5. e4 Nxc3 6. bxc3 Bg7 7. Bc4 c5 8.
Nf3 O-O 9. O-O Bg4 10. Be3 Nc6 11. h3 Bxf3 12. Qxf3 cxd4 13. cxd4 Nxd4 14. Bxd4
Qxd4 15. Bd5 Qxa1 16. Rxa1 Bxa1 17. Bxb7 Rab8 18. Bd5 Rb1+ 19. Kh2 Be5+ 20. g3
e6 21. Bb3 Rd8 22. Kg2 Rd2 23. Qe3 Rbb2 24. Qxa7 Bd4 25. Qb8+ Kg7 26. Kf3 Rxf2+
27. Kg4 h5+ 0-1

[Event "Outaouais op (TORO) U1900"]
[Site "Gatineau CAN"]
[Date "2014.06.??"]
[Round "3"]
[White "Van Dusen, Eric"]
[Black "Piche, Guy"]
[Result "0-1"]
[WhiteElo "1790"]
[BlackElo "1652"]
[PlyCount "84"]
[EventDate "2014.06.06"]
[EventType "swiss"]
[EventRounds "5"]
[EventCountry "CAN"]

1. d4 f5 2. Nc3 Nf6 3. Bg5 e6 4. e4 Be7 5. Bxf6 Bxf6 6. Nf3 fxe4 7. Nxe4 O-O 8.
Bd3 Nc6 9. c3 b6 10. Qc2 g6 11. h4 Rf7 12. h5 g5 13. h6 d5 14. Nxf6+ Qxf6 15.
Qd2 g4 16. Nh2 e5 17. Bb5 Ne7 18. O-O-O e4 19. Rdf1 c6 20. Ba4 Qg6 21. f3 g3
22. Ng4 Bxg4 23. fxg4 Rxf1+ 24. Rxf1 Qxg4 25. Rf6 b5 26. Bd1 Qh4 27. Rf4 Qh2
28. Rg4+ Ng6 29. Qf4 Rf8 30. Qxg3 Qxg3 31. Rxg3 Rf4 32. Bh5 Rf6 33. Kc2 Kf8 34.
Kb3 a5 35. Kc2 Nf4 36. Bd1 Rxh6 37. Kd2 Rh2 38. Bg4 Ke7 39. Kd1 Rxg2 40. Rxg2
Nxg2 41. Ke2 Nf4+ 42. Kd2 h5 0-1

[Event "Outaouais op (TORO) U1900"]
[Site "Gatineau CAN"]
[Date "2014.06.??"]
[Round "3"]
[White "Villeneuve, Luc"]
[Black "Ju, Lawrence"]
[Result "1-0"]
[WhiteElo "1753"]
[BlackElo "1600"]
[PlyCount "33"]
[EventDate "2014.06.06"]
[EventType "swiss"]
[EventRounds "5"]
[EventCountry "CAN"]

1. Nf3 d5 2. d4 Bf5 3. g3 Nf6 4. Bg2 Nc6 5. a3 e6 6. b3 Bd6 7. Bb2 O-O 8. O-O
Nd7 9. Nbd2 f6 10. c4 dxc4 11. Nxc4 e5 12. Nh4 Bg6 13. Nxg6 hxg6 14. Bd5+ Kh7
15. e4 exd4 16. Qg4 Bf4 17. gxf4 1-0

[Event "Outaouais op (TORO) U1900"]
[Site "Gatineau CAN"]
[Date "2014.06.??"]
[Round "3"]
[White "Vlasenko, Konstantin"]
[Black "Lavergne, Daniel"]
[Result "0-1"]
[WhiteElo "1609"]
[BlackElo "1747"]
[PlyCount "42"]
[EventDate "2014.06.06"]
[EventType "swiss"]
[EventRounds "5"]
[EventCountry "CAN"]

1. d4 Nf6 2. c4 g6 3. Nc3 d5 4. e3 c6 5. Bd3 Bg7 6. Nge2 O-O 7. e4 dxe4 8. Nxe4
Nxe4 9. Bxe4 Qb6 10. b3 Nd7 11. Be3 Qa5+ 12. Bd2 Qc7 13. Qc1 e5 14. Bh6 exd4
15. Bxg7 Kxg7 16. h4 Qe5 17. Ng3 Nf6 18. f4 Qe7 19. Qc2 Nxe4 20. Qxe4 Qxe4+ 21.
Nxe4 Re8 0-1

[Event "Outaouais op (TORO) U1900"]
[Site "Gatineau CAN"]
[Date "2014.06.??"]
[Round "3"]
[White "Yergeau, Simon"]
[Black "Akrib, Fouad"]
[Result "1-0"]
[WhiteElo "1549"]
[BlackElo "1733"]
[PlyCount "129"]
[EventDate "2014.06.06"]
[EventType "swiss"]
[EventRounds "5"]
[EventCountry "CAN"]

1. d4 Nf6 2. Nf3 d5 3. Bf4 c6 4. e3 Bg4 5. h3 Bxf3 6. Qxf3 e6 7. c3 Nbd7 8. Qd1
Be7 9. Nd2 O-O 10. Bd3 c5 11. O-O h6 12. Re1 Qb6 13. Rb1 Bd6 14. Bxd6 Qxd6 15.
a3 e5 16. dxe5 Nxe5 17. Nf3 Nxf3+ 18. Qxf3 Rfe8 19. Red1 Qe6 20. c4 dxc4 21.
Bf5 Qe5 22. Bd7 Re7 23. Ba4 Rb8 24. Bb5 Qe4 25. Qxe4 Rxe4 26. Rbc1 a6 27. Bxc4
b5 28. Bd3 Re5 29. Be2 c4 30. Rd6 Rd5 31. Rxd5 Nxd5 32. Rd1 Nb6 33. Rd2 Kf8 34.
Bd1 Ke7 35. Kf1 a5 36. Ke2 b4 37. axb4 axb4 38. Rd4 Rc8 39. b3 c3 40. Bc2 Rd8
41. Rxd8 Kxd8 42. Kd3 Kc7 43. Kd4 Kc6 44. g4 Kb5 45. f4 Nd7 46. Kd5 Nb6+ 47.
Kd4 Nd7 48. e4 Nc5 49. f5 f6 50. e5 fxe5+ 51. Kxe5 Kc6 52. Kd4 Kb5 53. Kd5 Nd7
54. Ke6 Nb6 55. Kf7 Nc4 56. Bd3 Kc5 57. Kxg7 Ne3 58. f6 c2 59. Bxc2 Nxc2 60. f7
Nd4 61. Kf6 Nxb3 62. f8=Q+ Kc4 63. Qxh6 Nd4 64. Qc1+ Kd3 65. g5 1-0

[Event "Outaouais op (TORO) U1900"]
[Site "Gatineau CAN"]
[Date "2014.06.??"]
[Round "4"]
[White "Akrib, Fouad"]
[Black "Vlasenko, Konstantin"]
[Result "0-1"]
[WhiteElo "1733"]
[BlackElo "1609"]
[PlyCount "92"]
[EventDate "2014.06.06"]
[EventType "swiss"]
[EventRounds "5"]
[EventCountry "CAN"]

1. e4 e6 2. d4 d5 3. Nd2 Be7 4. e5 c5 5. c3 Nc6 6. Qg4 Kf8 7. Ngf3 g5 8. Qh5 f5
9. h4 g4 10. Ng5 Bxg5 11. hxg5 h6 12. Nb3 c4 13. gxh6 Qe8 14. Nc5 Qxh5 15. Rxh5
Rh7 16. b3 b6 17. Na4 b5 18. Nc5 Kf7 19. a4 Na5 20. axb5 Nxb3 21. Nxb3 cxb3 22.
Rb1 Bd7 23. c4 dxc4 24. Bxc4 Rc8 25. Bxb3 Bxb5 26. Rxf5+ Ke7 27. Ba3+ Kd7 28.
Rf8 Nxh6 29. Bxe6+ Kxe6 30. Rxc8 a6 31. Rbc1 Nf5 32. Bb2 Rh2 33. g3 Nxg3 34.
Rd8 Ne4 35. d5+ Ke7 36. Rh8 Rxh8 37. d6+ Ke6 38. Kd1 Rh1+ 39. Kc2 Rxc1+ 40.
Kxc1 Nxf2 41. Kd2 g3 42. Bd4 Nh3 43. Ke3 g2 44. Kf3 g1=Q 45. Bxg1 Nxg1+ 46. Ke4
Ne2 0-1

[Event "Outaouais op (TORO) U1900"]
[Site "Gatineau CAN"]
[Date "2014.06.??"]
[Round "4"]
[White "Danis, Jacques"]
[Black "Lord, Daniel"]
[Result "1-0"]
[WhiteElo "1530"]
[BlackElo "1646"]
[PlyCount "87"]
[EventDate "2014.06.06"]
[EventType "swiss"]
[EventRounds "5"]
[EventCountry "CAN"]

1. d4 g6 2. e4 Bg7 3. Nf3 c5 4. c3 Qb6 5. dxc5 Qxc5 6. Be3 Qa5 7. Nbd2 d6 8.
Bc4 Nf6 9. h3 Nc6 10. O-O d5 11. Nb3 Qa4 12. Bxd5 Nxe4 13. Bxc6+ bxc6 14. Nbd4
Qc4 15. Qb3 Nd6 16. Nd2 Qa6 17. c4 Nf5 18. Nxf5 Bxf5 19. g4 Be6 20. a3 O-O 21.
Rab1 Rfd8 22. Rfc1 Rab8 23. Qc2 Qa5 24. Ne4 Qe5 25. f4 Qa5 26. Nc5 Qb6 27. b4
Rd6 28. Qf2 Qd8 29. Nxe6 fxe6 30. Qe2 Rb7 31. Rd1 Rbd7 32. Rxd6 exd6 33. Rd1 d5
34. Qd3 d4 35. Qe4 Kf7 36. Qxc6 Rd6 37. Qc5 Ra6 38. Rd3 Rxa3 39. Rxa3 dxe3 40.
Rxa7+ Kg8 41. Rxg7+ Kxg7 42. Qxe3 Qd1+ 43. Kf2 Qd6 44. Qe5+ 1-0